Bài tập cơ học kết cấu Tập 1 Hệ tĩnh định

Những kiến thức cần thiết để giải quyết các bài toán thực tế có liên quan đến các khâu từ thiết kế, thẩm định đến thi công và để nghiên cứu các môn kỹ thuật khác của chuyên ngành.

Enregistré dans:
Détails bibliographiques
Auteur principal: Lều Thọ Trình
Autres auteurs: Nguyễn Mạnh Yên
Format: Livre
Langue:Vietnamese
Publié: H. Khoa học và kỹ thuật 2012
Édition:Tái bản lần thứ 8
Sujets:
Tags: Ajouter un tag
Pas de tags, Soyez le premier à ajouter un tag!
Thư viện lưu trữ: Thư viện Trường Đại học Nam Cần Thơ
LEADER 02013nam a22002777a 4500
001 NCT_65484
008 190809b xxu||||| |||| 00| 0 vie d
999 |c 3172  |d 3172 
020 |c 48000 
082 0 4 |2 23rd ed.  |a 624.17  |b Tr312/T.1 
100 1 |a Lều Thọ Trình 
245 1 0 |a Bài tập cơ học kết cấu  |n Tập 1  |p Hệ tĩnh định  |c Lều Thọ Trình, Nguyễn Mạnh Yên 
250 |a Tái bản lần thứ 8 
260 |a H.  |b Khoa học và kỹ thuật  |c 2012 
300 |a 208 tr.  |b hình vẽ  |c 24cm 
520 3 |a Những kiến thức cần thiết để giải quyết các bài toán thực tế có liên quan đến các khâu từ thiết kế, thẩm định đến thi công và để nghiên cứu các môn kỹ thuật khác của chuyên ngành. 
653 |a  Kỹ thuật công trình xây dựng 
700 1 |a Nguyễn Mạnh Yên 
942 |2 ddc  |c BK 
952 |0 0  |1 0  |2 ddc  |4 0  |6 624_170000000000000_TR312_T_1  |7 0  |9 17090  |a 000001  |b 000001  |d 2019-08-09  |o 624.17 Tr312/T.1  |p MD.15702  |r 2019-08-09  |v 48000.00  |w 2019-08-09  |y BK 
952 |0 0  |1 0  |2 ddc  |4 0  |6 624_170000000000000_TR312_T_1  |7 0  |9 17091  |a 000001  |b 000001  |d 2019-08-09  |o 624.17 Tr312/T.1  |p MD.15703  |r 2019-08-09  |v 48000.00  |w 2019-08-09  |y BK 
952 |0 0  |1 0  |2 ddc  |4 0  |6 624_170000000000000_TR312_T_1  |7 0  |9 17092  |a 000001  |b 000001  |d 2019-08-09  |o 624.17 Tr312/T.1  |p MD.15704  |r 2019-08-09  |v 48000.00  |w 2019-08-09  |y BK 
952 |0 0  |1 0  |2 ddc  |4 0  |6 624_170000000000000_TR312_T_1  |7 0  |9 17093  |a 000001  |b 000001  |d 2019-08-09  |o 624.17 Tr312/T.1  |p MD.15705  |r 2019-08-09  |v 48000.00  |w 2019-08-09  |y BK 
952 |0 0  |1 0  |2 ddc  |4 0  |6 624_170000000000000_TR312_T_1  |7 0  |9 17094  |a 000001  |b 000001  |d 2019-08-09  |o 624.17 Tr312/T.1  |p MD.15706  |r 2019-08-09  |v 48000.00  |w 2019-08-09  |y BK 
952 |0 0  |1 0  |2 ddc  |4 0  |6 624_170000000000000_TR312_T_1  |7 0  |9 17095  |a 000001  |b 000001  |d 2019-08-09  |o 624.17 Tr312/T.1  |p MD.15707  |r 2019-08-09  |v 48000.00  |w 2019-08-09  |y BK 
980 |a Thư viện Trường Đại học Nam Cần Thơ